000 00512nam a22001817a 4500
003 OSt
005 20140310181911.0
008 130712t xxu||||| |||| 00| 0 eng d
050 _aBV 2375
_b.R47 1998
082 _aTR 269.609
_bT13 1998
245 _aRetreat manual : how to organize a retreat /
_cFr. Larry Tan.
260 _aMakati City :
_bDon Bosco Technical Institute,
_cc1998
300 _a115 p.
_bill. ;
_c23 cm.
521 _aFaculty
541 _j1
562 _e1
942 _2lcc
_cBK-TR
_kTR
999 _c6546
_d6546